| 000 | 00394nam a22001577a 4500 | ||
|---|---|---|---|
| 020 | _a81-8204-056-6 | ||
| 082 |
_a641.3 _bSON |
||
| 100 | _aSOHI, GULSHAN | ||
| 245 | _aFOOD PRODUCTION AND OPRATION MANAGEMENT | ||
| 250 | _a1ST | ||
| 260 |
_aDELHI _bAMAN PUBLISHER _c2010 |
||
| 300 | _a415 | ||
| 650 | _aFOOD AND OPRATION MANAGEMENT | ||
| 653 | _aFOOD, OPRATION,PRODUCTION | ||
| 942 |
_2ddc _cBK _01 |
||
| 999 |
_c8029 _d8029 |
||